[Event "20th Amber Rapid"]
[Site "Monaco MNC"]
[Date "2011.03.22"]
[Round "9"]
[White "Anand,V"]
[Black "Carlsen,M"]
[Result "0-1"]
[WhiteTitle "GM"]
[BlackTitle "GM"]
[WhiteElo "2817"]
[BlackElo "2815"]
[WhiteFideId "5000017"]
[BlackFideId "1503014"]
[EventDate "2011.03.12"]

1. e4 e5 2. Nf3 Nc6 3. Bb5 Nf6 4. Qe2 a6 5. Ba4 Be7 6. c3 d6 7. O-O O-O 8. d4
Bd7 9. d5 Nb8 10. Bxd7 Nbxd7 11. c4 g6 12. Nc3 Nh5 13. Rb1 Ng7 14. b4 f5 15. Be3
Rb8 16. Rfd1 Qe8 17. a4 f4 18. Bd2 g5 19. h3 h5 20. Nh2 Qg6 21. f3 Ne8 22. Rdc1
Nef6 23. Kf1 Kf7 24. Ke1 g4 25. Kd1 gxh3 26. gxh3 Rg8 27. Kc2 Qg2 28. Rh1 Qxe2
29. Nxe2 Rg2 30. Kd3 Nb6 31. Rbg1 Rbg8 32. Rxg2 Rxg2 33. a5 Nxc4 34. Bc1 b5 35.
axb6 Nxb6 36. Nf1 Nh7 37. h4 Nf8 38. Bd2 Ng6 39. Be1 Na4 40. Rg1 Rxg1 41. Nxg1
Bxh4 42. Bd2 Ke7 43. Nh3 Kd7 0-1

[Event "8th Tal Memorial"]
[Site "Moscow RUS"]
[Date "2013.06.18"]
[Round "5.2"]
[White "Carlsen,M"]
[Black "Anand,V"]
[Result "1-0"]
[WhiteTitle "GM"]
[BlackTitle "GM"]
[WhiteElo "2864"]
[BlackElo "2786"]
[WhiteFideId "1503014"]
[BlackFideId "5000017"]
[EventDate "2013.06.13"]

1. d4 Nf6 2. c4 e6 3. Nc3 Bb4 4. e3 O-O 5. Ne2 d5 6. a3 Be7 7. cxd5 Nxd5 8. Bd2
Nd7 9. g3 b6 10. Nxd5 exd5 11. Bg2 Bb7 12. Bb4 Nf6 13. O-O Re8 14. Rc1 c6 15.
Bxe7 Rxe7 16. Re1 Qd6 17. Nf4 Bc8 18. Qa4 Rc7 19. f3 Be6 20. e4 dxe4 21. fxe4
Qd7 22. d5 cxd5 23. Qxd7 Rxd7 24. Nxe6 fxe6 25. Bh3 Kh8 26. e5 Ng8 27. Bxe6 Rdd8
28. Rc7 d4 29. Bd7 1-0